000
00235nam a2200085Ia 4500
008
170620s9999 xx 000 0 und d
100
_a
N. C. E. R. T.
245
0
_a
Fifth Survey of Education Research -1988-92 Vol-2
260
_b
New Delhi- N.C.E.R.T.
260
_c
2006
999
_c
24765
_d
24765